000 01892nam a2200505 i 4500
001 5598
003 KOSZ 005
005 20200417085026.0
008 970513s1992 pl a |000 0 pol
015 _aUWD 1992/2621
035 _a991001265109705066
035 _a(PL-WaBN)b10369557-48omnis_nlop
035 _ab10369557
035 _a(OCoLC)751560477
035 _a(PL)b0000001036955
035 _a(EXLNZ-48OMNIS_NETWORK)9910129383205606
040 _aWA N
_cWA N
_dKOSZ 005/AR
041 _apol
080 _a621.74
080 _a 62-1/-8
080 _a(084.1)
080 _a(075.8)
100 1 _aDzwonnik, Ireneusz
_eAutor
245 1 0 _aAtlas maszyn i urządzeń odlewniczych /
_cIreneusz Dzwonnik ; Wyższa Szkoła Inżynierska w Zielonej Górze. Wydział Mechaniczny.
260 _aZielona Góra :
_bWydawnictwo Wyższej Szkoły Inżynierskiej,
_c1992.
300 _a195 stron :
_bilustracje ;
_c24 cm.
336 _aTekst
_btxt
_2rdacontent
337 _aBez urządzenia pośredniczącego
_bn
_2rdamedia
338 _aWolumin
_bnc
_2rdacarrier
380 _aKsiążki
388 _a1901-2000
388 _a1989-2000
504 _aBibliografia na stronie 194.
521 _aDla słuchaczy wykładów na kierunku technologia odlewnictwa w ramach specjalności technologii maszyn.
650 7 _aOdlewnictwo
_2DBN
650 7 _aMaszyny
655 _aAlbum
655 _aPodręczniki akademickie
658 _aInżynieria i technika
710 _aWydział Mechaniczny (Wyższa Szkoła Inżynierska ; Zielona Góra)
710 _4pbl
_aWydawnictwo Uczelniane Wyższej Szkoły Inżynierskiej im. Jurija Gagarina (Zielona Góra)
856 _uhttp://koha.tu.koszalin.pl/cgi-bin/koha/opac-detail.pl?biblionumber=5598
_yKatalog online BPK
942 _2UKD
_cKS
999 _c5598
_d5598